[Event "DRUGA LIGA SRBIJE-GRUPA VOJVODINA-2019."]
[Site "Kovacica"]
[Date "2019.11.07"]
[Round "10.1"]
[White "Hart, Alexander"]
[Black "Balla, Tamas-Kristof"]
[Result "0-1"]
[WhiteElo "1952"]
[BlackElo "2348"]
[PlyCount "70"]
[EventDate "2019.11.01"]
[WhiteTeam "SK Bora Ivkov Ban. N. Selo"]
[BlackTeam "SK Senta Senta"]

1. d4 c5 2. d5 Nf6 3. c4 b5 4. Qc2 bxc4 5. e4 d6 6. Bxc4 g6 7. Nc3 Bg7 8. Nf3
O-O 9. O-O Ba6 10. Nd2 Qa5 11. b3 Nxd5 12. Nxd5 Bxa1 13. Nxe7+ Kg7 14. Bb2+
Bxb2 15. Qxb2+ f6 16. Rd1 Bb7 17. Nf3 Nc6 18. Nxc6 Bxc6 19. Rxd6 Rad8 20. Rxc6
Rd1+ 21. Bf1 Rxf1+ 22. Kxf1 Qb5+ 23. Qe2 Qxc6 24. Qc4 Re8 25. Nd2 Qd6 26. Ke2
Rd8 27. Qc3 Qa6+ 28. Nc4 Qxa2+ 29. Kf3 Qb1 30. Ne3 Rd4 31. Qxc5 Qxe4+ 32. Ke2
Qd3+ 33. Kf3 Rd7 34. b4 Qd6 35. Qb5 Rc7 0-1

[Event "DRUGA LIGA SRBIJE-GRUPA VOJVODINA-2019."]
[Site "Kovacica"]
[Date "2019.11.07"]
[Round "10.1"]
[White "Kopasz, Robert"]
[Black "Milanovic, Stanko"]
[Result "1-0"]
[WhiteElo "2351"]
[BlackElo "2143"]
[PlyCount "63"]
[EventDate "2019.11.01"]
[WhiteTeam "SK Senta Senta"]
[BlackTeam "SK Bora Ivkov Ban. N. Selo"]

1. c4 Nf6 2. g3 d5 3. Bg2 c6 4. Nf3 g6 5. b3 dxc4 6. bxc4 Bg7 7. O-O Bg4 8. Bb2
Qc8 9. Qb3 O-O 10. d3 Nbd7 11. h3 Bxf3 12. Bxf3 e5 13. Nd2 Re8 14. Bg2 a5 15.
Rab1 Nc5 16. Qc2 Nfd7 17. Ne4 Nxe4 18. Bxe4 Nc5 19. Bg2 Qc7 20. Bc3 Rab8 21.
Rfc1 h5 22. e3 f5 23. d4 exd4 24. Bxd4 Bxd4 25. exd4 Ne6 26. Qd2 c5 27. dxc5
Nxc5 28. Qh6 Qg7 29. Bd5+ Kf8 30. Qg5 Ne6 31. Qd2 f4 32. Bxe6 1-0

[Event "DRUGA LIGA SRBIJE-GRUPA VOJVODINA-2019."]
[Site "Kovacica"]
[Date "2019.11.07"]
[Round "10.1"]
[White "Rajin, Milan"]
[Black "Vranic, Ljubomir"]
[Result "0-1"]
[WhiteElo "1920"]
[BlackElo "2211"]
[PlyCount "61"]
[EventDate "2019.11.01"]
[WhiteTeam "SK Bora Ivkov Ban. N. Selo"]
[BlackTeam "SK Senta Senta"]

1. f4 Nf6 2. e3 d6 3. Nf3 g6 4. b3 Bg7 5. Bb2 c5 6. Be2 Nc6 7. O-O O-O 8. h4 h6
9. Nh2 e5 10. g4 exf4 11. exf4 Nd4 12. Bxd4 cxd4 13. Bd3 Nd7 14. g5 Nc5 15. Rf3
Nxd3 16. Rxd3 Bf5 17. Rg3 d3 18. c3 Qb6+ 19. Kf1 h5 20. a4 d5 21. a5 Qd6 22.
Rf3 b5 23. Kf2 a6 24. Kg3 Rae8 25. Qg1 d4 26. Nf1 Be4 27. Rf2 f6 28. c4 b4 29.
Ra4 Bc6 30. Ra1 fxg5 31. hxg5 0-1

[Event "DRUGA LIGA SRBIJE-GRUPA VOJVODINA-2019."]
[Site "Kovacica"]
[Date "2019.11.07"]
[Round "10.1"]
[White "Nagy, Attila N"]
[Black "Zivkovic, Milan B"]
[Result "1-0"]
[WhiteElo "2233"]
[BlackElo "2046"]
[PlyCount "121"]
[EventDate "2019.11.01"]
[WhiteTeam "SK Senta Senta"]
[BlackTeam "SK Bora Ivkov Ban. N. Selo"]

1. Nf3 Nf6 2. c4 g6 3. d4 c5 4. Nc3 cxd4 5. Nxd4 Bg7 6. e4 d6 7. Be2 O-O 8. O-O
Nc6 9. Be3 Bd7 10. Rc1 b6 11. f3 Rc8 12. Qd2 Na5 13. b3 Nc6 14. Rfd1 h5 15. Bf1
Kh7 16. Qf2 Nxd4 17. Bxd4 Qc7 18. Qb2 Bc6 19. a4 Qb7 20. Nb5 Bh6 21. Nxd6 exd6
22. Bxf6 a6 23. Ra1 Rc7 24. Rxd6 Rd7 25. Rad1 Rxd6 26. Rxd6 b5 27. axb5 axb5
28. Qd4 bxc4 29. Bxc4 Qc7 30. Kf2 Ra8 31. e5 Ra2+ 32. Kg3 Bf8 33. Rd8 Ra8 34.
Rxa8 Bxa8 35. Qd8 Qxd8 36. Bxd8 Kg8 37. Bc7 Bc5 38. Bd6 Bd4 39. f4 Bc6 40. b4
Bc3 41. Kf2 Bd4+ 42. Kf1 Be3 43. g3 Kg7 44. Bc5 Bd2 45. b5 Bd7 46. Kf2 h4 47.
Be2 hxg3+ 48. hxg3 g5 49. fxg5 Bxg5 50. Bf3 Bc8 51. b6 Bd8 52. b7 Bxb7 53. Bxb7
Bc7 54. Bd6 Ba5 55. Kf3 Kg6 56. Be4+ Kg7 57. Kf4 Bc3 58. Kf5 Be1 59. g4 Bh4 60.
g5 Bf2 61. Bd5 1-0

[Event "DRUGA LIGA SRBIJE-GRUPA VOJVODINA-2019."]
[Site "Kovacica"]
[Date "2019.11.07"]
[Round "10.1"]
[White "Njamcul, Dragan"]
[Black "Lorinc, Sandor"]
[Result "0-1"]
[WhiteElo "2320"]
[BlackElo "2157"]
[PlyCount "74"]
[EventDate "2019.11.01"]
[WhiteTeam "SK Bora Ivkov Ban. N. Selo"]
[BlackTeam "SK Senta Senta"]

1. d4 d5 2. c4 c6 3. Nf3 Nf6 4. Nc3 a6 5. cxd5 cxd5 6. g3 Nc6 7. Bg2 Ne4 8. O-O
Bf5 9. Ne5 Nxc3 10. bxc3 Nxe5 11. dxe5 e6 12. Be3 Qc7 13. Bd4 Be7 14. a4 O-O
15. a5 Bc5 16. Qb3 Rab8 17. Rfc1 Rfc8 18. Qb2 b5 19. Qd2 Qe7 20. e3 Ba3 21. Re1
b4 22. e4 dxe4 23. Bxe4 Bxe4 24. Rxe4 b3 25. Rb1 Rc4 26. Qd1 Qb7 27. Rh4 Be7
28. Rxh7 Qe4 29. Rh3 b2 30. Qh5 Qxb1+ 31. Kg2 f6 32. exf6 Qe4+ 33. f3 Qc2+ 34.
Bf2 Bxf6 35. Qh8+ Kf7 36. Qxb8 b1=Q 37. Rh8 Qxb8 0-1

[Event "DRUGA LIGA SRBIJE-GRUPA VOJVODINA-2019."]
[Site "Kovacica"]
[Date "2019.11.07"]
[Round "10.1"]
[White "Simonyi, Zoltan"]
[Black "Mik, Aurel"]
[Result "1/2-1/2"]
[WhiteElo "2149"]
[BlackElo "2039"]
[PlyCount "76"]
[EventDate "2019.11.01"]
[WhiteTeam "SK Senta Senta"]
[BlackTeam "SK Bora Ivkov Ban. N. Selo"]

1. d4 d5 2. c4 dxc4 3. Nf3 c6 4. e3 Bf5 5. Bxc4 e6 6. Nc3 Nf6 7. O-O Bd6 8. Qe2
Ne4 9. Bd3 Nxc3 10. bxc3 Bxd3 11. Qxd3 O-O 12. e4 Be7 13. Bf4 Nd7 14. Rad1 Nf6
15. Rfe1 h6 16. c4 Nh7 17. Bg3 Ng5 18. Ne5 Nh7 19. Ng4 Bh4 20. d5 h5 21. Ne3
Bxg3 22. hxg3 exd5 23. cxd5 cxd5 24. exd5 Nf6 25. Rd2 Qd7 26. Qd4 Rfe8 27. Rc1
b6 28. Rc6 Ne4 29. Rdc2 Nc5 30. Qf4 Rac8 31. Rxc8 Rxc8 32. Qg5 g6 33. g4 Qd8
34. Qf4 hxg4 35. Nxg4 f5 36. Ne3 Kg7 37. g3 Qf6 38. Qc4 Rh8 1/2-1/2

[Event "DRUGA LIGA SRBIJE-GRUPA VOJVODINA-2019."]
[Site "Kovacica"]
[Date "2019.11.07"]
[Round "10.3"]
[White "Sahin, Ozgun"]
[Black "Pastar, Slaven"]
[Result "0-1"]
[WhiteElo "2258"]
[BlackElo "2280"]
[PlyCount "50"]
[EventDate "2019.11.01"]
[WhiteTeam "SK Kraljica PTT Petrovaradin"]
[BlackTeam "SK Bata Cosic Opovo"]

1. e4 e5 2. Nf3 Nc6 3. d4 exd4 4. Nxd4 Nf6 5. Nxc6 bxc6 6. Bd3 d6 7. O-O Be7 8.
Nc3 O-O 9. f4 Re8 10. Qf3 Rb8 11. Bc4 Bf8 12. Bb3 c5 13. Bd2 Bb7 14. Rae1 Qd7
15. Nd5 Nxd5 16. exd5 Be7 17. Qc3 Ba6 18. Rf3 Bf6 19. Rxe8+ Qxe8 20. Qa5 Be2
21. Rg3 Bd4+ 22. Kh1 Bf2 23. Rc3 c4 24. Bxc4 Bxc4 25. Rxc4 Qe2 0-1

[Event "DRUGA LIGA SRBIJE-GRUPA VOJVODINA-2019."]
[Site "Kovacica"]
[Date "2019.11.07"]
[Round "10.3"]
[White "Milenkovic, Mladen"]
[Black "Desnica, Vladan"]
[Result "1-0"]
[WhiteElo "2304"]
[BlackElo "2323"]
[PlyCount "49"]
[EventDate "2019.11.01"]
[WhiteTeam "SK Bata Cosic Opovo"]
[BlackTeam "SK Kraljica PTT Petrovaradin"]

1. e4 c5 2. Nf3 e6 3. d4 cxd4 4. Nxd4 a6 5. c4 Nf6 6. Nc3 Qc7 7. Be2 Bb4 8. Qd3
Nc6 9. Nxc6 dxc6 10. O-O O-O 11. Rd1 e5 12. Bg5 Nd7 13. a3 Nc5 14. Bd8 Qb8 15.
Qg3 Bxc3 16. Bf6 g6 17. Qe3 Nxe4 18. Qxe4 Bd4 19. Qh4 Qd6 20. c5 Qe6 21. Rd3
Qf5 22. Rf3 Qh5 23. Qxh5 gxh5 24. Rg3+ Bg4 25. Bxg4 1-0

[Event "DRUGA LIGA SRBIJE-GRUPA VOJVODINA-2019."]
[Site "Kovacica"]
[Date "2019.11.07"]
[Round "10.3"]
[White "Banovic, Ivan"]
[Black "Jovanovski, Slobodan"]
[Result "1-0"]
[WhiteElo "2218"]
[BlackElo "2298"]
[PlyCount "55"]
[EventDate "2019.11.01"]
[WhiteTeam "SK Kraljica PTT Petrovaradin"]
[BlackTeam "SK Bata Cosic Opovo"]

1. d4 d5 2. Nf3 Nf6 3. Bf4 c5 4. e3 Nc6 5. Nbd2 e6 6. c3 Bd6 7. Bg3 O-O 8. Bd3
b6 9. Qe2 Qc7 10. e4 e5 11. exd5 exd4 12. Ne4 Nxe4 13. Qxe4 f5 14. Bxd6 Qxd6
15. Qe2 Bd7 16. dxc6 Rae8 17. cxd7 Rxe2+ 18. Kxe2 Qxd7 19. Rhd1 Qe7+ 20. Kf1
dxc3 21. bxc3 Kh8 22. Bc4 g5 23. Re1 Qf6 24. Ne5 Rc8 25. Rad1 g4 26. Rd7 Rb8
27. Nf7+ Kg8 28. Nd8+ 1-0

[Event "DRUGA LIGA SRBIJE-GRUPA VOJVODINA-2019."]
[Site "Kovacica"]
[Date "2019.11.07"]
[Round "10.3"]
[White "Kosanovic, Dragan"]
[Black "Pajcin, Lav"]
[Result "1-0"]
[WhiteElo "2280"]
[BlackElo "2160"]
[PlyCount "177"]
[EventDate "2019.11.01"]
[WhiteTeam "SK Bata Cosic Opovo"]
[BlackTeam "SK Kraljica PTT Petrovaradin"]

1. c4 Nf6 2. Nc3 g6 3. e4 d6 4. d4 Bg7 5. Bg5 O-O 6. Qd2 c5 7. d5 a6 8. a4 e5
9. Nge2 Nbd7 10. f3 Qa5 11. Ra3 Re8 12. g4 h5 13. h3 Nf8 14. Nd1 Qxd2+ 15. Bxd2
hxg4 16. hxg4 N6h7 17. Nf2 Bf6 18. Nc3 Ng5 19. Be2 Nfh7 20. Kd1 Bd8 21. a5 Bd7
22. Na4 Kg7 23. Nb6 Bxb6 24. axb6 f6 25. Kc2 Nf7 26. Raa1 Nhg5 27. Rh2 Rh8 28.
Rah1 Rxh2 29. Rxh2 a5 30. Nd3 a4 31. Be3 Be8 32. Rh1 Ra6 33. Nxc5 dxc5 34. Bxc5
Ra8 35. Kc3 f5 36. gxf5 gxf5 37. exf5 Kf6 38. Kb4 Kxf5 39. Be3 Rd8 40. Bd3+ Kf6
41. f4 Nf3 42. Rf1 Nh4 43. Bd2 e4 44. Bxe4 Nd6 45. Bd3 Ndf5 46. Bc3+ Kf7 47.
Be5 Bd7 48. c5 Ne3 49. Bc4 Nhf5 50. Rg1 Nxc4 51. Kxc4 Ra8 52. c6 Rc8 53. Bc7
bxc6 54. b7 Re8 55. dxc6 Bxc6 56. b8=Q Rxb8 57. Bxb8 Be4 58. Be5 Bc2 59. Kb4
Ne3 60. Rg3 Nd5+ 61. Kc5 Ne7 62. Rc3 Bd1 63. Rd3 Bc2 64. Rd2 Bb3 65. Rd6 Bc2
66. Rf6+ Ke8 67. Ra6 Bd1 68. Ra7 Nf5 69. Bc3 Bb3 70. Bf6 Kf8 71. Kb4 Ke8 72.
Ra5 Nd6 73. Be5 Nf5 74. Bc7 Ne7 75. Kc5 Kd7 76. Bd6 Nf5 77. Ra7+ Ke6 78. Be5
Ng3 79. Ra6+ Ke7 80. Bf6+ Kf7 81. Bd4 Nh5 82. f5 Nf4 83. Ra7+ Ke8 84. Kd6 Nd5
85. f6 Nf4 86. Rb7 Kf8 87. Bc5 Ne6 88. Rxb3 Nxc5 89. Rb8+ 1-0

[Event "DRUGA LIGA SRBIJE-GRUPA VOJVODINA-2019."]
[Site "Kovacica"]
[Date "2019.11.07"]
[Round "10.3"]
[White "Joksimovic, Dragoljub"]
[Black "Radanovic, Aleksandar"]
[Result "0-1"]
[WhiteElo "2138"]
[BlackElo "2173"]
[PlyCount "132"]
[EventDate "2019.11.01"]
[WhiteTeam "SK Bata Cosic Opovo"]
[BlackTeam "SK Kraljica PTT Petrovaradin"]

1. c4 Nf6 2. Nc3 g6 3. g3 c6 4. Bg2 Bg7 5. d4 d6 6. e3 Qc7 7. Nge2 O-O 8. O-O
e5 9. b3 Re8 10. Bb2 Bf5 11. e4 exd4 12. exf5 dxc3 13. Nxc3 Na6 14. fxg6 hxg6
15. Qd2 Rad8 16. Rad1 Qa5 17. a3 Qh5 18. b4 Nc7 19. Rfe1 Ng4 20. h3 Ne5 21. Re4
d5 22. cxd5 Nxd5 23. g4 Qh4 24. Qe1 Nxc3 25. Rxd8 Rxd8 26. Bxc3 Nd3 27. Qd2
Bxc3 28. Qxc3 Qxf2+ 29. Kh2 g5 30. Qb3 Nf4 31. Qf3 Rd2 32. Re8+ Kg7 33. Qc3+
Rd4 34. Qf3 Qd2 35. Kg1 Rc4 36. Re5 Qd4+ 37. Qe3 Rc1+ 38. Bf1 Nxh3+ 39. Kh2
Qxe3 40. Rxe3 Nf4 41. Kg1 Nd5 42. Re5 f6 43. Re8 Kf7 44. Re2 Ra1 45. b5 Rxa3
46. Rb2 Rg3+ 47. Kf2 Rxg4 48. bxc6 bxc6 49. Rb7+ Ne7 50. Rxa7 Rb4 51. Be2 f5
52. Bh5+ Kf6 53. Ra6 Rc4 54. Ke2 Ke5 55. Bf7 Nd5 56. Kf2 Rc2+ 57. Kf3 Rc3+ 58.
Kf2 g4 59. Ra5 c5 60. Ra8 Nf6 61. Ra2 Ne4+ 62. Kg2 f4 63. Bg6 f3+ 64. Kh2 g3+
65. Kh3 g2 66. Kh2 Rc1 0-1

[Event "DRUGA LIGA SRBIJE-GRUPA VOJVODINA-2019."]
[Site "Kovacica"]
[Date "2019.11.07"]
[Round "10.4"]
[White "Mandic, Milenko"]
[Black "Bokros, Albert"]
[Result "0-1"]
[WhiteElo "1904"]
[BlackElo "2471"]
[PlyCount "54"]
[EventDate "2019.11.01"]
[WhiteTeam "SK Sloga Indjija"]
[BlackTeam "SK Krajina Krajisnik"]

1. d4 c5 2. d5 g6 3. e4 Bg7 4. c4 d6 5. Nc3 Nf6 6. Be2 O-O 7. h4 h5 8. Nh3 a6
9. f3 Nbd7 10. Bf4 Ne5 11. Bxe5 dxe5 12. Nf2 Bh6 13. Nd3 Qd6 14. g4 Be3 15. Rf1
b5 16. f4 Nxg4 17. Bxg4 Bxg4 18. fxe5 Qd8 19. Qb3 e6 20. Rf6 Bd4 21. Kd2 Bxe5
22. Rff1 Bg7 23. Rae1 exd5 24. Nxd5 Qxh4 25. cxb5 axb5 26. Qxb5 Rxa2 27. Qc4
Qh2+ 0-1

[Event "DRUGA LIGA SRBIJE-GRUPA VOJVODINA-2019."]
[Site "Kovacica"]
[Date "2019.11.07"]
[Round "10.4"]
[White "Robulj, Nenad"]
[Black "Marceta, Dimitrije"]
[Result "1-0"]
[WhiteElo "2286"]
[BlackElo "1766"]
[PlyCount "69"]
[EventDate "2019.11.01"]
[WhiteTeam "SK Krajina Krajisnik"]
[BlackTeam "SK Sloga Indjija"]

1. e4 c5 2. Nf3 Nc6 3. b3 e5 4. Bb2 d6 5. Be2 Nf6 6. d3 Be7 7. Nbd2 h6 8. c3 d5
9. O-O O-O 10. Re1 dxe4 11. dxe4 Be6 12. Bb5 Nd7 13. Nc4 f6 14. Ne3 Nb6 15. Qe2
Qc7 16. Nh4 Rfd8 17. Nef5 Bf8 18. Qg4 Bxf5 19. Nxf5 Kh7 20. Re3 Ne7 21. Rg3
Nxf5 22. Qxf5+ Kh8 23. Re1 c4 24. Bc1 a6 25. Bxc4 Nxc4 26. bxc4 Qd7 27. Qh5 Qe8
28. Qe2 Rac8 29. h4 Qa4 30. f4 Qxc4 31. Qg4 Qxa2 32. fxe5 fxe5 33. Rf1 Rc7 34.
Qg6 Rc6 35. Rxf8+ 1-0

[Event "DRUGA LIGA SRBIJE-GRUPA VOJVODINA-2019."]
[Site "Kovacica"]
[Date "2019.11.07"]
[Round "10.4"]
[White "Strbac, Mladen"]
[Black "Muskinja, Luka"]
[Result "1-0"]
[WhiteElo "2292"]
[BlackElo "1810"]
[PlyCount "59"]
[EventDate "2019.11.01"]
[WhiteTeam "SK Krajina Krajisnik"]
[BlackTeam "SK Sloga Indjija"]

1. e4 c5 2. Nf3 g6 3. d4 Bg7 4. c4 cxd4 5. Nxd4 Nc6 6. Be3 Nf6 7. Nc3 d6 8. f3
Bd7 9. Qd2 a6 10. Nc2 Qa5 11. Be2 Rc8 12. Rc1 Ne5 13. b4 Qc7 14. Na3 O-O 15.
O-O Rfd8 16. Bd4 Be6 17. Qe3 Qd7 18. Bxe5 dxe5 19. Rfd1 Qe8 20. Nd5 Bxd5 21.
cxd5 Qa4 22. Nc4 Nd7 23. a3 h5 24. Nb2 Bh6 25. Qxh6 Qxa3 26. Qd2 Nb6 27. h4 Qb3
28. Rc5 Nd7 29. Bc4 Qa3 30. Ra5 1-0

[Event "DRUGA LIGA SRBIJE-GRUPA VOJVODINA-2019."]
[Site "Kovacica"]
[Date "2019.11.07"]
[Round "10.4"]
[White "Ivanis, Goran"]
[Black "Perisic, Radivoj"]
[Result "0-1"]
[WhiteElo "2061"]
[BlackElo "2223"]
[PlyCount "100"]
[EventDate "2019.11.01"]
[WhiteTeam "SK Sloga Indjija"]
[BlackTeam "SK Krajina Krajisnik"]

1. c4 Nf6 2. Nf3 e6 3. g3 b6 4. Bg2 Bb7 5. O-O Be7 6. Nc3 O-O 7. d4 Ne4 8. Qc2
Nxc3 9. Qxc3 Bf6 10. b4 d6 11. Bb2 Nd7 12. Qb3 Qe7 13. Rfd1 g6 14. e3 Be4 15.
Bc3 Bg7 16. a4 f5 17. a5 g5 18. Ne1 Bxg2 19. Nxg2 Qf7 20. Rd2 e5 21. axb6 axb6
22. Rxa8 Rxa8 23. Ra2 Rxa2 24. Qxa2 b5 25. Qa8+ Nf8 26. d5 bxc4 27. Qc6 e4 28.
Bd4 c3 29. h4 h6 30. Bxc3 Bxc3 31. Qxc3 Nh7 32. hxg5 hxg5 33. Ne1 Nf6 34. Nc2
Ng4 35. Kf1 Qh7 36. Nd4 Qh3+ 37. Ke2 Qh2 38. Qe1 Ne5 39. Kd2 Nd3 40. Qf1 f4 41.
gxf4 gxf4 42. exf4 Qxf4+ 43. Kc3 Nxf2 44. Qg2+ Ng4 45. Kc4 e3 46. Kd3 Kf7 47.
Ne6 Qf5+ 48. Kc3 Qe5+ 49. Kb3 e2 50. Qxg4 Qxd5+ 0-1

[Event "DRUGA LIGA SRBIJE-GRUPA VOJVODINA-2019."]
[Site "Kovacica"]
[Date "2019.11.07"]
[Round "10.4"]
[White "Brajic, Djordje"]
[Black "Majstorovic, Stanko"]
[Result "1-0"]
[WhiteElo "2206"]
[BlackElo "2078"]
[PlyCount "117"]
[EventDate "2019.11.01"]
[WhiteTeam "SK Krajina Krajisnik"]
[BlackTeam "SK Sloga Indjija"]

1. e4 e5 2. f4 d5 3. exd5 e4 4. d3 Bf5 5. Nc3 Bb4 6. dxe4 Bxc3+ 7. bxc3 Bxe4 8.
Nf3 Qxd5 9. Qxd5 Bxd5 10. Ba3 f6 11. O-O-O c6 12. c4 Bxf3 13. gxf3 Nd7 14. Bh3
O-O-O 15. Rxd7 Rxd7 16. Rd1 f5 17. Bxf5 Nf6 18. Bb2 Rhd8 19. Be5 b6 20. Rd6 Kb7
21. Bxd7 Rxd7 22. Rxd7+ Nxd7 23. Bxg7 Kc8 24. Kd2 Kd8 25. Ke3 Ke7 26. f5 Nc5
27. Be5 Nd7 28. Ke4 Kf7 29. h4 Ke7 30. Kf4 Kf7 31. Bc7 Kf6 32. Bd6 Kf7 33. Kg5
b5 34. cxb5 cxb5 35. h5 Kg7 36. f4 h6+ 37. Kh4 Kf6 38. Kg4 a6 39. Bb4 Kf7 40.
Bc3 Nb6 41. Bd4 Nd5 42. a3 Ne7 43. Be5 Nc6 44. Bc3 Ne7 45. f6 Nd5 46. Bd4 a5
47. Kf5 b4 48. Ke4 Nc7 49. a4 Ke6 50. Be5 Na8 51. Kd4 Nb6 52. Kc5 Nxa4+ 53. Kb5
Nc3+ 54. Bxc3 bxc3 55. Kxa5 Kxf6 56. Kb4 Kf5 57. Kxc3 Kxf4 58. Kd4 Kg5 59. c4
1-0

[Event "DRUGA LIGA SRBIJE-GRUPA VOJVODINA-2019."]
[Site "Kovacica"]
[Date "2019.11.07"]
[Round "10.5"]
[White "Savanovic, Vuk"]
[Black "Farkas, Tibor"]
[Result "1-0"]
[WhiteElo "2250"]
[BlackElo "2274"]
[PlyCount "49"]
[EventDate "2019.11.01"]
[WhiteTeam "SK Vojvodina Novi Sad"]
[BlackTeam "SK Backa Pacir"]

1. e4 c5 2. Nf3 d6 3. d4 cxd4 4. Nxd4 Nf6 5. Nc3 a6 6. f3 e6 7. Be3 b5 8. g4 h6
9. Qd2 Nbd7 10. O-O-O Qc7 11. h4 b4 12. Na4 Ne5 13. Qxb4 Rb8 14. Qc3 Qb7 15.
Nb3 Bd7 16. Nac5 dxc5 17. Qxe5 Bb5 18. Bxc5 Nd7 19. Bxb5 Qxb5 20. Rxd7 Kxd7 21.
a4 Qb7 22. Bxf8 Ke8 23. Bd6 Rc8 24. Qxg7 Qxb3 25. Qxh8+ 1-0

[Event "DRUGA LIGA SRBIJE-GRUPA VOJVODINA-2019."]
[Site "Kovacica"]
[Date "2019.11.07"]
[Round "10.5"]
[White "Vidic, Stevan"]
[Black "Dragojlovic, Andjelko"]
[Result "1/2-1/2"]
[WhiteElo "2267"]
[BlackElo "2277"]
[PlyCount "71"]
[EventDate "2019.11.01"]
[WhiteTeam "SK Backa Pacir"]
[BlackTeam "SK Vojvodina Novi Sad"]

1. d4 Nf6 2. Nf3 g6 3. g3 Bg7 4. Bg2 O-O 5. O-O d5 6. b3 c6 7. Bb2 a5 8. a3 Bf5
9. Nbd2 a4 10. Ne5 Nbd7 11. Ndf3 Qb6 12. b4 Rfd8 13. e3 Be4 14. Qe2 Nxe5 15.
Nxe5 Bxg2 16. Kxg2 Ne4 17. Nf3 Qb5 18. Qd3 Rac8 19. Rac1 Nd6 20. Nd2 Nc4 21.
Nxc4 dxc4 22. Qe4 c5 23. c3 cxd4 24. cxd4 e6 25. Bc3 Rd5 26. Kg1 Qd7 27. f4 b5
28. Rc2 Qc6 29. Qg2 h5 30. h3 Rdd8 31. Qxc6 Rxc6 32. Rd2 Rcd6 33. Rfd1 f6 34.
e4 f5 35. e5 Rd5 36. h4 1/2-1/2

[Event "DRUGA LIGA SRBIJE-GRUPA VOJVODINA-2019."]
[Site "Kovacica"]
[Date "2019.11.07"]
[Round "10.5"]
[White "Jesenski, Tibor"]
[Black "Ilincic, Aleksa"]
[Result "1-0"]
[WhiteElo "2279"]
[BlackElo "2168"]
[PlyCount "73"]
[EventDate "2019.11.01"]
[WhiteTeam "SK Backa Pacir"]
[BlackTeam "SK Vojvodina Novi Sad"]

1. d4 Nf6 2. Nf3 c5 3. g3 cxd4 4. Nxd4 e5 5. Nb3 h6 6. Bg2 d5 7. c4 Bb4+ 8. Bd2
dxc4 9. Bxb4 Qxd1+ 10. Kxd1 cxb3 11. axb3 Nc6 12. Bxc6+ bxc6 13. Nd2 Be6 14. f3
Nd7 15. Bd6 f6 16. Kc2 Kf7 17. Ra6 c5 18. Rha1 Rhc8 19. Rxa7 Rxa7 20. Rxa7 Rc6
21. Bc7 Ke7 22. Kc3 Bf5 23. Kc4 Re6 24. Kd5 e4 25. fxe4 Bg4 26. Nc4 Kf7 27. Ne3
Bxe2 28. Bd6 Bb5 29. Rb7 f5 30. Nxf5 Rxe4 31. Rxd7+ Bxd7 32. Kxe4 Ke6 33. Bxc5
Bc6+ 34. Kf4 g5+ 35. Kg4 Kf6 36. Bd4+ Kf7 37. Kh5 1-0

[Event "DRUGA LIGA SRBIJE-GRUPA VOJVODINA-2019."]
[Site "Kovacica"]
[Date "2019.11.07"]
[Round "10.5"]
[White "Stikovic, Dobrica"]
[Black "Kecskemeti, Arpad"]
[Result "0-1"]
[WhiteElo "2146"]
[BlackElo "2240"]
[PlyCount "66"]
[EventDate "2019.11.01"]
[WhiteTeam "SK Vojvodina Novi Sad"]
[BlackTeam "SK Backa Pacir"]

1. c4 Nf6 2. Nc3 g6 3. Nf3 Bg7 4. g3 O-O 5. Bg2 c5 6. O-O Nc6 7. d4 cxd4 8.
Nxd4 Ng4 9. Nxc6 dxc6 10. Qb3 Qc7 11. h3 Nh6 12. e4 f5 13. Re1 fxe4 14. Nxe4
Nf5 15. c5+ Kh8 16. Bf4 e5 17. Be3 Re8 18. Bg5 Be6 19. Qa4 Rf8 20. Rad1 Bd5 21.
Nd2 Qf7 22. Bxd5 cxd5 23. g4 Nd4 24. Be3 Ne6 25. f3 d4 26. Bf2 Ng5 27. Qb3 Qxb3
28. axb3 Nxf3+ 29. Nxf3 Rxf3 30. Kg2 Rxb3 31. Rd2 Rb5 32. Rc2 Rc8 33. Kf3 Kg8
0-1

[Event "DRUGA LIGA SRBIJE-GRUPA VOJVODINA-2019."]
[Site "Kovacica"]
[Date "2019.11.07"]
[Round "10.6"]
[White "Jotic, Vladimir"]
[Black "Rogac, Srdjan"]
[Result "1/2-1/2"]
[WhiteElo "2288"]
[BlackElo "2332"]
[PlyCount "87"]
[EventDate "2019.11.01"]
[WhiteTeam "SK Polet Rastina"]
[BlackTeam "SK Mladenovo Mladenovo"]

1. e4 c6 2. Nc3 d5 3. Nf3 Bg4 4. h3 Bxf3 5. Qxf3 Nf6 6. d3 e6 7. g3 Bb4 8. Bd2
d4 9. Nb1 Qb6 10. b3 Nbd7 11. Bg2 Bxd2+ 12. Nxd2 Qb4 13. Qd1 e5 14. O-O O-O 15.
f4 Qd6 16. h4 Qe6 17. f5 Qe7 18. Bh3 Ne8 19. Nf3 Nd6 20. g4 c5 21. g5 f6 22.
Kh1 b5 23. Rg1 Kh8 24. a4 a6 25. Qd2 Rfc8 26. h5 Nf7 27. h6 gxh6 28. gxh6 Rg8
29. axb5 axb5 30. Rxa8 Rxa8 31. Rg7 Rg8 32. Qa5 b4 33. Rxg8+ Kxg8 34. Qc7 Nxh6
35. Nd2 Qg7 36. Qc8+ Nf8 37. Nf1 Ng4 38. Bxg4 Qxg4 39. Qxc5 Qh4+ 40. Kg1 Qg4+
41. Kf2 Qf4+ 42. Kg1 Qg5+ 43. Kf2 Qf4+ 44. Kg1 1/2-1/2

[Event "DRUGA LIGA SRBIJE-GRUPA VOJVODINA-2019."]
[Site "Kovacica"]
[Date "2019.11.07"]
[Round "10.6"]
[White "Grujic, Zoran"]
[Black "Stocko, Josip"]
[Result "0-1"]
[WhiteElo "2335"]
[BlackElo "2281"]
[PlyCount "70"]
[EventDate "2019.11.01"]
[WhiteTeam "SK Mladenovo Mladenovo"]
[BlackTeam "SK Polet Rastina"]

1. c4 e5 2. Nc3 Nc6 3. g3 Bc5 4. Bg2 a6 5. e3 d6 6. Nge2 Ba7 7. O-O h5 8. h3 h4
9. g4 f5 10. gxf5 Bxf5 11. d4 Qd7 12. Kh2 Nf6 13. d5 Nd8 14. f4 e4 15. Nd4 g6
16. b3 c5 17. dxc6 bxc6 18. Bb2 Kf7 19. Qd2 Nb7 20. Rad1 Rad8 21. b4 d5 22. c5
Bb8 23. Nce2 Rhg8 24. Qc3 Nh5 25. Qa3 g5 26. Nxf5 Qxf5 27. Be5 gxf4 28. exf4
Qg6 29. Rf2 Bxe5 30. fxe5+ Ke7 31. Rdf1 Qg5 32. Kh1 e3 33. Rf7+ Ke8 34. Bf3
Ng3+ 35. Nxg3 Qxg3 0-1

[Event "DRUGA LIGA SRBIJE-GRUPA VOJVODINA-2019."]
[Site "Kovacica"]
[Date "2019.11.07"]
[Round "10.6"]
[White "Popovic, Milos T"]
[Black "Parezanin, Darko"]
[Result "1-0"]
[WhiteElo "2369"]
[BlackElo "2221"]
[PlyCount "80"]
[EventDate "2019.11.01"]
[WhiteTeam "SK Polet Rastina"]
[BlackTeam "SK Mladenovo Mladenovo"]

1. d4 d6 2. g3 f5 3. Bg2 Nf6 4. Nh3 g6 5. O-O Bg7 6. c3 c6 7. Nd2 O-O 8. Qb3+
d5 9. Nf3 h6 10. Nf4 g5 11. Ng6 Re8 12. h4 g4 13. Nfe5 Nbd7 14. Bf4 Nh5 15. e3
e6 16. Nxd7 Qxd7 17. f3 Nxf4 18. exf4 Qf7 19. h5 gxf3 20. Bxf3 b6 21. Rae1 Ba6
22. Be2 Bxe2 23. Rxe2 c5 24. dxc5 bxc5 25. Rfe1 Rab8 26. Rxe6 c4 27. Qb4 Kh7
28. Rxe8 Rxe8 29. Re7 Rxe7 30. Qxe7 Qxe7 31. Nxe7 d4 32. cxd4 Bxd4+ 33. Kf1
Bxb2 34. Ke2 Kg7 35. Nxf5+ Kf6 36. Nxh6 Ke6 37. Ng4 Kd5 38. Ne3+ Kc5 39. h6 Bh8
40. g4 Kd4 1-0

[Event "DRUGA LIGA SRBIJE-GRUPA VOJVODINA-2019."]
[Site "Kovacica"]
[Date "2019.11.07"]
[Round "10.6"]
[White "Krejic, Igor"]
[Black "Sljukic, Miodrag"]
[Result "1/2-1/2"]
[WhiteElo "2229"]
[BlackElo "2188"]
[PlyCount "84"]
[EventDate "2019.11.01"]
[WhiteTeam "SK Mladenovo Mladenovo"]
[BlackTeam "SK Polet Rastina"]

1. e4 c6 2. d4 d5 3. exd5 cxd5 4. c4 Nf6 5. Nc3 e6 6. Nf3 Bb4 7. Bd2 O-O 8. a3
Bxc3 9. Bxc3 dxc4 10. Bxc4 Nd5 11. Bd2 Nc6 12. O-O b6 13. Rc1 Bb7 14. Qe2 Rc8
15. Bd3 Qd7 16. Rfd1 Nce7 17. Ne5 Qd6 18. Qe4 Ng6 19. Nxg6 hxg6 20. h4 Qd7 21.
Qe2 Nf6 22. Qe5 Rfd8 23. Rxc8 Rxc8 24. Bc3 Qd5 25. f3 Qb3 26. Rc1 Nd5 27. Bc2
Qa2 28. Qe1 Nxc3 29. bxc3 Qxa3 30. Be4 Qe7 31. Bxb7 Qxb7 32. c4 Qd7 33. Qe5 b5
34. c5 a5 35. Qe4 b4 36. c6 Qd6 37. Ra1 Rxc6 38. Rxa5 Rc1+ 39. Kf2 Rd1 40. h5
Qxd4+ 41. Qxd4 Rxd4 42. hxg6 fxg6 1/2-1/2